Across the great divide new perspectives on the financial crisis
Gespeichert in:
| Weitere Verfasser: | , |
|---|---|
| Format: | Buch |
| Sprache: | Englisch |
| Veröffentlicht: |
Stanford
Hoover Institution Press
2014
|
| Schlagworte: | |
| Tags: |
Keine Tags, Fügen Sie das erste Tag hinzu!
|
MARC
| LEADER | 00000nam a2200000 4500 | ||
|---|---|---|---|
| 001 | 0221835 | ||
| 005 | 20230109114404.7 | ||
| 020 | |a 978-0-8179-1784-5 | ||
| 041 | 0 | |a eng | |
| 044 | |a US | ||
| 245 | 1 | 0 | |a Across the great divide |b new perspectives on the financial crisis |c edited by Martin Neil Baily and John B. Taylor |
| 264 | 1 | |a Stanford |b Hoover Institution Press |c 2014 | |
| 300 | |a vi, 409 s. | ||
| 610 | 2 | 0 | |a kríza finančná |
| 610 | 2 | 0 | |a rezervy |
| 610 | 2 | 0 | |a inflácia |
| 610 | 2 | 0 | |a trh finančný |
| 610 | 2 | 0 | |a bankrot |
| 610 | 2 | 0 | |a inštitúcie finančné |
| 700 | 1 | |a Baily, Martin Neil | |
| 700 | 1 | |a Taylor, John B. | |